| 000 | 00532nam a2200169Ia 4500 | ||
|---|---|---|---|
| 008 | 220216s9999 xx 000 0 und d | ||
| 100 | _aChandrasiri G R | ||
| 245 | 0 | _aSpecification and estimation of a production function for smallholding rubber in Sri Lanka | |
| 260 |
_bJournal of the Rubber Research Institute of Sri Lanka : Conference Proceedings _c1977 |
||
| 300 | _a398-416 | ||
| 650 | _aRubber smallholding | ||
| 650 | _aSri Lanka | ||
| 700 | _aCarrad B | ||
| 700 | _aTeo C K | ||
| 700 | _aWeerasinghe S | ||
| 942 | _cJS | ||
| 999 |
_c69145 _d69145 |
||